00449nam a2200169Ia 4500008004100000041000800041082001800049100001500067245003500082250001200117260004100129300000900170500003900179500003400218650001200252700001500264230125s9999 xx 000 0 und d aeng a491.4603bBAR aBaride P R aShrimat Sankshkipatta Dasbodha a1st Ed. c1999bShri samarth seva mandalaPune a117p aMarathi bok,Sankshkipatta Dasbodha aLiterature;Marathi Literature aGeneral aBaride P R